000 00494nam a22001575i 4500
001 168544
003 ES-MaACL
005 20230906213821.0
008 080417q1947 sp |||| | spa d
100 1 _aMcLaverty, Michael.
_9137635
245 1 0 _aEn este tu día /
_cpor Michael McLaverty ; [versión castellana, F. Cruz de la Rosa].
260 _aMadrid :
_bLa Nave,
_c[ca. 1947]
300 _a372 p. ;
_c15 cm.
700 1 _aCruz de la Rosa, Francisco.
_941825
852 4 _aES-MaACL
_jG-13219
999 _c168544
_d168544